Основы теории чисел (Запись № 30711)

Подробности
000 -МАРКЕР
контрольное поле 00736nam a2200241 c 4500
001 - КОНТРОЛЬНЫЙ НОМЕР ЗАПИСИ
контрольное поле 000030711
003 - ПРИНАДЛЕЖНОСТЬ КОНТРОЛЬНОГО НОМЕРА
контрольное поле RuMoIPM
005 - ДАТА И ВРЕМЯ ПОСЛЕДНЕЙ ТРАНЗАКЦИИ
контрольное поле 20260602115439.0
008 - ЭЛЕМЕНТЫ ДАННЫХ ФИКСИРОВАННОЙ ДЛИНЫ
контрольное поле 141106s1965 ru a||||||||||||||||rus d
035 ## - КОНТРОЛЬНЫЙ НОМЕР СИСТЕМЫ
контрольный номер системы (RuMoBEN) 000099827
035 ## - КОНТРОЛЬНЫЙ НОМЕР СИСТЕМЫ
контрольный номер системы (RuMoBEN Bibliobus) 180159
035 ## - КОНТРОЛЬНЫЙ НОМЕР СИСТЕМЫ
контрольный номер системы (RuMoBEN-CBP Bibliobus) 120425
040 ## - ОРГАНИЗАЦИЯ-СОЗДАТЕЛЬ ЗАПИСИ
организация-создатель исходной библиографической записи RuMoBEN
язык каталогизации rus
правила каталогизации rcr
041 ## - КОД ЯЗЫКА
код языка текста Русский
044 ## - КОД СТРАНЫ ПУБЛИКАЦИИ/ИЗГОТОВЛЕНИЯ
MARC код страны публикации/изготовления Российская Федерация
080 ## - ИНДЕКС УНИВЕРСАЛЬНОЙ ДЕСЯТИЧНОЙ КЛАССИФИКАЦИИ
индекс Универсальной десятичной классификации 511(075.8)
100 1# - ИМЯ ЛИЦА КАК ОСНОВНОЙ ПОИСКОВЫЙ ПРИЗНАК
имя лица Виноградов, Иван Матвеевич
245 00 - ОБЛАСТЬ ЗАГЛАВИЯ И СВЕДЕНИЙ ОБ ОТВЕТСТВЕННОСТИ
заглавие Основы теории чисел
сведения, относящиеся к заглавию, и т. д [учебное пособие для ун-тов]
сведения об ответственности и т. д И. М. Виноградов
250 ## - ОБЛАСТЬ ИЗДАНИЯ
сведения об издании 7-е изд., испр.
260 ## - ОБЛАСТЬ ВЫХОДНЫХ ДАННЫХ
место публикации, распространения, изготовления и т. д Москва
издательство, издатель, распространитель и т. д Наука
дата издания, распространения и т. д 1965
300 ## - ОБЛАСТЬ КОЛИЧЕСТВЕННОЙ ХАРАКТЕРИСТИКИ
объём 172 с.
942 ## - ДАННЫЕ О ЗАПИСИ (KOHA)
Тип экземпляра (KOHA) Книга
Экземпляры
Статус выдачи Библиотека держатель Текущая библиотека Местонахождение Шифр хранения Тип экземпляра
  Институт прикладной математики им. М.В. Келдыша Институт прикладной математики им. М.В. Келдыша Миусская 511.2 / В 49 Книга